000 00323nam a22001457a 4500
008 221121b ||||| |||| 00| 0 eng d
020 _a9780393310436
041 _aeng
080 _a575
082 _a575BRO
100 _a13
101 _aBIO
245 _aTHE NORTH HISTORY OF CHEMISTRY
_cBROCK H.W
942 _2udc
_cBK
999 _c58966
_d58966